Chaîne de mots - Chine - Statistiques

Statistiques générales
  • Ce quiz a été pris 16 561 fois
  • Le résultat moyen est 16 sur 26
Statistiques - réponses
Indice Réponse % Correct
Langue la plus parlée Mandarin
97%
Pâtes alimentaires inventées en Chine Nouilles
90%
Maladie apparue à Wuhan en 2019 Covid
87%
Créature symbolique des dynasties chinoises Dragon
85%
Principale ville économique Shanghai
85%
Céréale la plus cultivée Riz
84%
Régulé à un par famille de 1979 à 2015 Enfant
78%
Fibre naturelle qui provenait de Chine par une célèbre route Soie
77%
Pays frontalier au sud-ouest Népal
73%
Fondateur de la République populaire de Chine: Mao ______ Zedong
70%
Titre porté par le dirigeant chinois de -221 à 1912 Empereur
67%
Invention qui remonte bien avant Gutenberg Imprimerie
67%
Immense palais à Pékin: Cité ________ Interdite
64%
Ancien pays situé dans l’Himalaya Tibet
64%
Premier animal du zodiaque chinois Rat
62%
Drogue qui fait l'objet de deux guerres au 19e siècle Opium
60%
Désert au nord du pays Gobi
58%
Peuple turcophone dans la région de Xinjiang Ouïghour
58%
Fleur, symbole de pureté et de perfection Lotus
54%
Point culminant Everest
50%
Aliment d'origine chinoise à base de soja Tofu
47%
Principale religion dans la région de Xinjiang Islam
42%
Ancienne colonie portugaise Macao
41%
Spécialité culinaire: poulet du général ___ Tao
33%
Plante addictive dont la Chine est le plus grand producteur Tabac
32%
Ville la plus importante des vastes territoires à l'ouest Ürümqi
12%
Aucun quiz correspondant
Distribution des résultats
% des personnes avec chaque résultat
Percentile par nombre de réponses
Votre historique - résultats
Vous n’avez pas pris ce quiz